Milk It - Nirvana (All Lyrics) - Statistics

General Stats
  • This quiz has been taken 42 times
  • The average score is 89 of 122
Answer Stats
Hint Answer % Correct
A
100%
Verse 1 | Verse 2 I
100%
My
95%
The
91%
Own
86%
And
82%
Don't
82%
Her
82%
Meat
82%
Milk
82%
On
82%
Test
82%
Am
77%
Broken
77%
Pre-Chorus Doll
77%
I'm
77%
Is
77%
Left
77%
Of
77%
Parasite
77%
Right
77%
Side
77%
Steak
77%
To
77%
Wing
77%
Your
77%
Bright
73%
Feed
73%
Live
73%
Chorus Look
73%
Need
73%
Pet
73%
Shit
73%
Suicide
73%
Virus
73%
Angel
68%
Host
68%
In
68%
Sleeping
68%
Eyesight
64%
Off
64%
Recovery
64%
We
64%
Each
59%
Get
59%
Iron
59%
Lack
59%
Lost
59%
Name
59%
Other
59%
Place
59%
Can
55%
Endorphins
55%
Or
55%
Our
55%
Outro Protector
50%
Share
50%
Still
45%
Birthday
41%
Scent
41%
Ecto-Plasma
36%
Ecto-Skeletal
36%
Here
36%
Kennel
36%
Obituary
36%
No matching quizzes found
Score Distribution
Percent of People with Each Score
Percentile by Number Answered
Your Score History
You have not taken this quiz